000 00334nam a22001457a 4500
008 210427b ||||| |||| 00| 0 eng d
020 _a9780538750219
041 _aeng
080 _211th
_a330.722.6
082 _a330.722.6
100 _a61
101 _aKF
245 _aFinancial Accounting
_cW. Steve Albrecht
942 _2udc
_cBK
999 _c56848
_d56848